000 01300nam2a22002531 4500
001 rc\4311452
005 20250612044554.0
021 _aRU
_b[61-44529]
035 _a(NLR Aleph) 008508575
090 _a8154589
_c8154589
100 _a20130416d1961 |||y0rusy50 ca
101 0 _arus
102 _aRU
105 _ay z |||||
200 0 _aЧ. 2
210 _d1961
_aБ. м.
215 _a88 с.
_cграф.
320 _aБиблиогр. в конце докладов
461 0 _1001rc\4311450
_12001#$aВнедрение ферментных препаратов в народное хозяйство$eСборник докладов на Всесоюз. конференции$f[Ред. д-р техн. наук Р.В. Фениксова]$gГос. ком. Совета Министров СССР по координации науч.-исслед. работ$vЧ. 2
_98154579
_cМосква
_d1961
_f[Ред. д-р техн. наук Р.В. Фениксова]
_nЦИНТИПищепром
_oСборник докладов на Всесоюз. конференции
_tВнедрение ферментных препаратов в народное хозяйство
_vЧ. 2
801 0 _aRU
_bNLR
_gpsbo
801 1 _aRU
_bELAR
_2rusmarc
852 _aNLR
_j61-4/9569
942 _cBOOK
980 _aNB